00379nam a2200109Ia 4500008004100000245013300041260004900174260000900223300001000232500001100242650001600253170224s9999 xx 000 0 und d aWhen power shapes interpersonal behavior: Low relationship power predicts men’s aggressive responses to low situational power. bJournal of Personality and Social Psychology c2016 a111:2 aAugust xPsychology.